000 00297nam a2200121Ia 4500
008 240624s9999 xx 000 0 und d
041 _aeng
082 _a006.76 GER
100 _aGERAKINES NICK
245 _aFACEBOOK APPLICATION DEVELOPMENT
260 _c2008
_aIndianapolis
_bWrox
365 _c
_b27
999 _c15804
_d15804